000 00326nam a2200133Ia 4500
008 240624s9999 xx 000 0 und d
041 _aeng
082 _a658.3 SES
100 _aSESIL JAMES
245 _aAPPLYING ADVANCED ANALYTICS TO HR MANAGE
260 _c2014
_aNew Jersey
_bFT Press
300 _a240 : p.
365 _cRS
999 _c24022
_d24022